| 000 | 01029cam a22003135a 4500 | ||
|---|---|---|---|
| 001 | 016439875 | ||
| 003 | OSt | ||
| 005 | 20201128023644.0 | ||
| 008 | 150924t2014 nyua frbd 001 0 eng d | ||
| 020 | _a9781259060618 (paperback) | ||
| 020 | _a1259060616 | ||
| 040 |
_aStDuBDS _beng _cStDuBDS _dEG-ScBUE |
||
| 082 | 0 | 4 |
_a658.022 _bKAT _222 |
| 100 | 1 |
_aKatz, Jerome A. _91579 |
|
| 245 | 1 | 0 |
_aEntrepreneurial small business / _cJerome A. Katz, Richard P. Green, II. |
| 250 | _a4th ed., International student ed. | ||
| 260 |
_aNew York : _bMcGraw-Hill Irwin, _cc.2014. |
||
| 300 |
_a1 v. (various pagings) : _bill. (col.) ; _c28 cm. |
||
| 500 | _aPrevious edition : 2011. | ||
| 500 | _aIncludes glossary. | ||
| 504 | _aIncludes bibliographical references and index. | ||
| 590 | _aSameh Added item | ||
| 650 | 7 |
_aSmall business _xManagement. _2BUEsh _9238 |
|
| 650 | 7 |
_aEntrepreneurship. _2BUEsh _9240 |
|
| 651 | _2BUEsh | ||
| 653 |
_bBUSADM _cFebruary2016 _cNovember2016 |
||
| 700 | 1 |
_aGreen, Richard P. _91580 |
|
| 942 | _2ddc | ||
| 999 |
_c21243 _d21215 |
||